Normal view
MARC view
- Neelakanda Pillai, Kavungal
Entry Personal Name
001 - CONTROL NUMBER
- control field: 6018
003 - CONTROL NUMBER IDENTIFIER
- control field: OSt
005 - DATE AND TIME OF LATEST TRANSACTION
- control field: 20240213155034.0
008 - FIXED-LENGTH DATA ELEMENTS
- fixed length control field: 240213|| aca||aabn | a|a d
040 ## - CATALOGING SOURCE
- Original cataloging agency: OSt
- Transcribing agency: OSt
100 ## - HEADING--PERSONAL NAME
- Personal name: Neelakanda Pillai, Kavungal
670 ## - SOURCE DATA FOUND
- Source citation: Work cat.: (OSt)6176: Neelakanda Pillai, Kavungal ., Divya Sri Sankaracharyar / , 1974.
